MARC

LEADER 00000nam0a2200000 4500
001 372328
005 20231102012450.0
035 |a (RuTPU)RU\TPU\retro\29751 
035 |a RU\TPU\book\269396 
090 |a 372328 
100 |a 20221214d1965 km y0rusy50 ca 
101 0 |a rus 
102 |a RU 
105 |a a z 001zy 
200 1 |a Релаксационные процессы в ударных волнах  |f Е. В. Ступоченко, С. А. Лосев, А. И. Осипов 
210 |a Москва  |c Наука  |d 1965 
215 |a 484 с.  |c ил. 
320 |a Библиогр.: с. 461-482. 
320 |a Предметный указатель: с. 483-484. 
606 1 |a Газы излучающие  |x Теплопередача  |2 stltpush  |3 (RuTPU)RU\TPU\subj\5364  |9 33461 
610 1 |a ударные волны 
610 1 |a изучение 
610 1 |a диссипативные процессы 
610 1 |a возбуждение 
610 1 |a ударные трубы 
610 1 |a теплоотдача 
610 1 |a скорость 
610 1 |a измерение 
610 1 |a неравновесные явления 
610 1 |a исследование 
610 1 |a газ 
610 1 |a плотность 
610 1 |a излучение 
610 1 |a релаксационные процессы 
610 1 |a кинетика 
610 1 |a неравновесные явления 
610 1 |a движение 
675 |a 533.6  |v 3 
700 1 |a Ступоченко  |b Е. В.  |g Евгений Владимирович 
701 1 |a Лосев  |b С. А.  |g Сталий Андреевич 
701 1 |a Осипов  |b А. И.  |g Алексей Иосифович 
801 1 |a RU  |b 63413507  |c 20140114 
801 2 |a RU  |b 63413507  |c 20221214  |g RCR 
942 |c BK